The best Short Stories of O. Henry (Record no. 35517)

MARC details
000 -LEADER
fixed length control field 00465nam a2200181Ia 4500
020 ## - INTERNATIONAL STANDARD BOOK NUMBER
ISBN 0-679-60122-8
050 ## - CALL MARK
Classification number PZ 3. P835/
100 ## - STATEMENT OF RESPONSIBILITY--MAIN AUTHOR NAME
Personal name Bennett A. and Van H. Cartmell
245 #4 - TITLE STATEMENT
Title The best Short Stories of O. Henry
260 ## - PUBLICATION, DISTRIBUTION, ETC. (IMPRINT)
Place of publication New York
260 ## - PUBLICATION, DISTRIBUTION, ETC. (IMPRINT)
Name of publisher Library of America
260 ## - PUBLICATION, DISTRIBUTION, ETC. (IMPRINT)
Year of publication 1994
300 ## - PHYSICAL DESCRIPTION
Number of Pages 340 p
650 ## - SUBJECT ADDED ENTRY--TOPICAL TERM
Topical Term Social life and Customs-Friction
942 ## - ADDED ENTRY ELEMENTS (KOHA)
Koha item type Books
Holdings
Withdrawn status Lost status Source of classification or shelving scheme Damaged status Not for loan Permanent Location Current Location Date acquired Accession Number Price effective from Koha item type
    Library of Congress Classification     NILE UNIVERSITY OF NIGERIA - MAIN LIBRARY NILE UNIVERSITY OF NIGERIA - MAIN LIBRARY 04/23/2025 0190818 04/23/2025 Books